000 00434cam a2200157u 4500
001 000001250
005 20200929145523.0
008 821206s1960 nyu 000 0 eng
010 _a60050940
040 _aDO-SdBNP
_bspa
_cBNPHU
050 0 0 _aPZ4.S538
_bNo
_aPS3569.H392
100 1 _aSheckley, Robert,
_d1928-2005.
_94255
245 1 0 _aNotions: unlimited.
260 _aNew York, :
_bBantam Books,
_c[1960].
300 _a170 p. ;
_c18 cm.
999 _c1194
_d1194